Difusión internacional del español por radio, televisión y prensa

Salvato in:
Dettagli Bibliografici
Autore principale: Parra, Marina (autora)
Natura: Libro
Lingua:spagnolo
Pubblicazione: Bogotá Instituto Caro y Cuervo 1999
Serie:Publicaciones del Instituto Caro y Cuervo. Series Minor, 40
Soggetti:
Tags: Aggiungi Tag
Nessun Tag, puoi essere il primo ad aggiungerne!!

MARC

LEADER 00000nam a2200000 a 4500
001 UCN0376
003 CL-VaPUC
008 010323e19990000CK |||||||||||||||||spa|d
082 0 4 |a 401.43  |b PAR  |2 21 
100 |a Parra, Marina  |e autora  |9 455591 
245 1 0 |a Difusión internacional del español por radio, televisión y prensa 
300 |a 257 p 
942 |c BK 
945 |d 20010323 00:00:00  |a cmena 
260 |a Bogotá  |b Instituto Caro y Cuervo  |c 1999 
650 0 |a Semántica  |9 265318 
650 0 |a Medios de comunicación de masas  |9 257273 
650 7 |a LENGUAJE ESPAÑOL  |2 CL-VaPUC  |9 455592 
583 |a last modification  |c 20010323 00:00:00  |k Rodrigo Vera 
490 0 |a Publicaciones del Instituto Caro y Cuervo. Series Minor, 40 
999 |c 294140  |d 294138 
952 |0 0  |1 0  |4 0  |6 401_430000000000000_PAR_1999  |7 0  |8 A  |9 346039  |a BIBEDU  |b BIBEDU  |d 2019-11-20  |i 3673065  |o 401.43 PAR 1999  |p 3673065  |r 2019-11-20  |w 2019-11-20  |y BK  |k LIT 
952 |0 0  |1 0  |4 0  |6 401_430000000000000_PAR_1999  |7 0  |8 A  |9 346040  |a BIBEDU  |b BIBEDU  |d 2019-11-20  |i 3696081  |o 401.43 PAR 1999  |p 3696081  |r 2019-11-20  |w 2019-11-20  |y BK  |k LIT